[Event "Ch d'Afrique juniors"]
[Site "Hotel Bouazza (Tiaret)"]
[Date "2014.01.25"]
[Round "1.1"]
[White "Ameir, Moheb"]
[Black "Willenberg, Shane C"]
[Result "1-0"]
[WhiteElo "2291"]
[BlackElo "1893"]
[PlyCount "43"]
[EventDate "2014.01.25"]
[EventRounds "9"]
[EventCountry "ALG"]

1. e4 c5 2. Nf3 g6 3. d4 cxd4 4. Qxd4 Nf6 5. Nc3 Nc6 6. Qa4 d6 7. e5 Ng4 8. Bb5
Bd7 9. exd6 exd6 10. O-O Nge5 11. Re1 Bg7 12. Bg5 f6 13. Nxe5 dxe5 14. Be3 O-O
15. Qc4+ Kh8 16. Rad1 Qc8 17. Qh4 a6 18. Bd3 f5 19. Nd5 Qd8 20. Bg5 Qa5 21. Nf6
Bxf6 22. Bxf6+ 1-0

[Event "Ch d'Afrique juniors"]
[Site "Hotel Bouazza (Tiaret)"]
[Date "2014.01.25"]
[Round "1.2"]
[White "Ouaret, Abdelouhab"]
[Black "Nader, Mohamed"]
[Result "1/2-1/2"]
[WhiteElo "1856"]
[BlackElo "2104"]
[PlyCount "99"]
[EventDate "2014.01.25"]
[EventRounds "9"]
[EventCountry "ALG"]

1. Nf3 Nf6 2. g3 e6 3. Bg2 d5 4. c4 c6 5. Qc2 Nbd7 6. O-O b5 7. cxb5 cxb5 8.
Qc6 Rb8 9. d4 Rb6 10. Qc2 Bb7 11. Bf4 Rc6 12. Qb3 Nh5 13. Bg5 Be7 14. Bxe7 Qxe7
15. Nbd2 O-O 16. e4 Rc7 17. Qxb5 dxe4 18. Qxh5 exf3 19. Bxf3 Qb4 20. Nb3 g6 21.
Qg4 f5 22. Qf4 e5 23. Qe3 f4 24. Qe2 exd4 25. Bxb7 Rxb7 26. Qe6+ Kh8 27. Rad1
Qa4 28. Nxd4 Rxb2 29. Nc6 fxg3 30. Rxd7 gxh2+ 31. Kh1 Qf4 32. Qe5+ Qxe5 33.
Nxe5 Rxa2 34. Ng4 h5 35. Ne5 Rfxf2 36. Nxg6+ Kg8 37. Rc1 Rac2 38. Rxc2 Rxc2 39.
Rxa7 Rb2 40. Nf4 h4 41. Ng6 h3 42. Nf4 Rf2 43. Nxh3 Rd2 44. Ng5 Rf2 45. Rb7 Rf5
46. Nh3 Rf7 47. Rb6 Kg7 48. Kxh2 Rf6 49. Rb5 Kg6 50. Kg3 1/2-1/2

[Event "Ch d'Afrique juniors"]
[Site "Hotel Bouazza (Tiaret)"]
[Date "2014.01.25"]
[Round "1.3"]
[White "Silva, David"]
[Black "Ghafoul, Said"]
[Result "1-0"]
[WhiteElo "2042"]
[BlackElo "1851"]
[PlyCount "53"]
[EventDate "2014.01.25"]
[EventRounds "9"]
[EventCountry "ALG"]

1. e4 c6 2. d3 d5 3. Nd2 dxe4 4. dxe4 e6 5. g3 Bc5 6. Qg4 Qd4 7. Qe2 Nf6 8.
Ngf3 Qd8 9. e5 Nd5 10. Ne4 Be7 11. Bg2 b6 12. O-O Ba6 13. c4 h6 14. a3 Nc7 15.
Rd1 Qc8 16. Nd6+ Bxd6 17. exd6 Nd5 18. Qc2 Nf6 19. b4 Nbd7 20. c5 b5 21. Nd4
Bb7 22. Bb2 a6 23. Rac1 O-O 24. a4 e5 25. Nf5 Kh8 26. Ne7 Qe8 27. Nxc6 1-0

[Event "Ch d'Afrique juniors"]
[Site "Hotel Bouazza (Tiaret)"]
[Date "2014.01.25"]
[Round "1.4"]
[White "Aguiar, Cristiano"]
[Black "Dias, Vanderson"]
[Result "1/2-1/2"]
[WhiteElo "1848"]
[BlackElo "2006"]
[PlyCount "26"]
[EventDate "2014.01.25"]
[EventRounds "9"]
[EventCountry "ALG"]

1. e4 e6 2. d4 d5 3. Nd2 c5 4. exd5 Qxd5 5. Ngf3 cxd4 6. Bc4 Qc5 7. O-O Nf6 8.
a3 Bd6 9. Be2 a6 10. Nb3 Qh5 11. Nbxd4 O-O 12. Re1 Re8 13. Qd2 Bc5 1/2-1/2

[Event "Ch d'Afrique juniors"]
[Site "Hotel Bouazza (Tiaret)"]
[Date "2014.01.25"]
[Round "1.5"]
[White "Meftahi, Houssem"]
[Black "Alnami, Salaheddin"]
[Result "1-0"]
[WhiteElo "1994"]
[BlackElo "1843"]
[PlyCount "49"]
[EventDate "2014.01.25"]
[EventRounds "9"]
[EventCountry "ALG"]

1. e4 e5 2. Bc4 Bc5 3. Nc3 Nf6 4. d3 h6 5. f4 d5 6. Bxd5 Ng4 7. f5 Qh4+ 8. g3
Bf2+ 9. Kf1 Qh5 10. h3 Bxg1 11. Qxg4 Qxg4 12. hxg4 Bc5 13. g5 c6 14. Bb3 h5 15.
g4 g6 16. Ke2 Na6 17. Bd2 Bd7 18. Raf1 Ke7 19. gxh5 gxh5 20. Rh4 Rh7 21. Nd1
Nc7 22. Ne3 Nb5 23. c3 Rf8 24. Rfh1 Rfh8 25. Ng4 1-0

[Event "Ch d'Afrique juniors"]
[Site "Hotel Bouazza (Tiaret)"]
[Date "2014.01.25"]
[Round "1.6"]
[White "Araoun, Saadi"]
[Black "Saim, Mohamed Ilias"]
[Result "1/2-1/2"]
[WhiteElo "1580"]
[BlackElo "1988"]
[PlyCount "125"]
[EventDate "2014.01.25"]
[EventRounds "9"]
[EventCountry "ALG"]

1. c4 g6 2. Nc3 Bg7 3. g3 e5 4. Bg2 d6 5. d3 Nc6 6. e3 Nge7 7. Nge2 O-O 8. O-O
f5 9. a3 g5 10. Rb1 Ng6 11. Nd5 Nce7 12. Nec3 c6 13. Nxe7+ Qxe7 14. e4 f4 15.
g4 Nh4 16. f3 h5 17. h3 Rf6 18. Bd2 Be6 19. Be1 hxg4 20. hxg4 Rh6 21. Bh3 Kf7
22. Rf2 Rah8 23. Rh2 Qf6 24. b4 Ng6 25. Kg2 Bxg4 26. fxg4 f3+ 27. Qxf3 Nf4+ 28.
Kf1 Rxh3 29. Rxh3 Rxh3 30. Bg3 Nxd3 31. Qxf6+ Bxf6 32. Kg2 Nf4+ 33. Kf2 Ke6 34.
Rd1 Rh8 35. Kf3 Be7 36. Bf2 a6 37. a4 Rf8 38. Kg3 Rd8 39. Rh1 Rf8 40. Rd1 Ng6
41. Ne2 b5 42. axb5 axb5 43. cxb5 cxb5 44. Nc3 Rc8 45. Nxb5 Rc4 46. Kf3 Rxb4
47. Nc7+ Kd7 48. Nd5 Rb3+ 49. Be3 Bd8 50. Ra1 Nf4 51. Ra7+ Ke6 52. Ra8 Kd7 53.
Ra7+ Ke8 54. Ra8 Ne6 55. Kf2 Rb7 56. Bb6 Kd7 57. Bxd8 Nxd8 58. Nf6+ Ke7 59.
Nd5+ Kd7 60. Nf6+ Ke6 61. Rxd8 Rf7 62. Ke3 Rxf6 63. Rg8 1/2-1/2

[Event "Ch d'Afrique juniors"]
[Site "Hotel Bouazza (Tiaret)"]
[Date "2014.01.26"]
[Round "2.1"]
[White "Meftahi, Houssem"]
[Black "Ameir, Moheb"]
[Result "0-1"]
[WhiteElo "1994"]
[BlackElo "2291"]
[PlyCount "74"]
[EventDate "2014.01.25"]
[EventRounds "9"]
[EventCountry "ALG"]

1. e4 e5 2. Bc4 Nf6 3. d3 c6 4. Nf3 Be7 5. O-O d6 6. h3 O-O 7. Nc3 b5 8. Bb3
Nbd7 9. Ne2 Nc5 10. Ng3 a5 11. c3 Nxb3 12. Qxb3 Qc7 13. d4 Re8 14. Ng5 Bf8 15.
dxe5 dxe5 16. Be3 h6 17. Nf3 Be6 18. Qc2 a4 19. Nh4 Qc8 20. Kh2 Bc4 21. Rfd1
Qe6 22. Qb1 Rad8 23. a3 Bb3 24. Rxd8 Rxd8 25. Qe1 Bc2 26. Bb6 Rd7 27. Rc1 Bb3
28. Qe3 Bc4 29. f3 Qd6 30. Nhf5 Qd2 31. Bc5 Bxc5 32. Qxc5 Qxc1 33. Qxc6 Qf4 34.
Qc8+ Kh7 35. Qf8 Nh5 36. h4 f6 37. Kh3 Nxg3 0-1

[Event "Ch d'Afrique juniors"]
[Site "Hotel Bouazza (Tiaret)"]
[Date "2014.01.26"]
[Round "2.2"]
[White "Bhawoodien, Mohamed Ozayr"]
[Black "Silva, David"]
[Result "1-0"]
[WhiteElo "1913"]
[BlackElo "2042"]
[PlyCount "58"]
[EventDate "2014.01.25"]
[EventRounds "9"]
[EventCountry "ALG"]

1. d4 Nf6 2. c4 e6 3. Nf3 d5 4. Nc3 Nbd7 5. Bg5 c6 6. e3 Qa5 7. Nd2 Bb4 8. Qc2
O-O 9. Rc1 dxc4 10. Bxf6 Nxf6 11. Nxc4 Qxa2 12. Bd3 b5 13. Ne5 Bb7 14. O-O Bxc3
15. Qxc3 Rfc8 16. e4 Qa6 17. Bb1 Qb6 18. Qe3 Rd8 19. Nf3 e5 20. Qg5 Rxd4 21.
Nxd4 Qxd4 22. Rcd1 Qc5 23. Rd2 h6 24. Qg3 a5 25. Rfd1 Qe7 26. Qe3 c5 27. f3 Nh5
28. Rd7 Qf6 29. Rxb7 Nf4 1-0

[Event "Ch d'Afrique juniors"]
[Site "Hotel Bouazza (Tiaret)"]
[Date "2014.01.26"]
[Round "2.3"]
[White "Nader, Mohamed"]
[Black "Silvio, Famorosa F"]
[Result "1-0"]
[WhiteElo "2104"]
[BlackElo "1981"]
[PlyCount "57"]
[EventDate "2014.01.25"]
[EventRounds "9"]
[EventCountry "ALG"]

1. d4 Nf6 2. Nf3 e6 3. e3 c5 4. Bd3 Nc6 5. c3 d5 6. Nbd2 Bd6 7. O-O O-O 8. dxc5
Bxc5 9. e4 h6 10. Qe2 Re8 11. Bc2 Qc7 12. e5 Nd7 13. Nb3 Bf8 14. Re1 g6 15. Bf4
Bg7 16. h4 h5 17. Nbd4 a6 18. Rac1 b5 19. Nxc6 Qxc6 20. Ng5 Nf8 21. g4 hxg4 22.
Qxg4 Bb7 23. h5 Re7 24. Qh4 Rc7 25. h6 Bh8 26. h7+ Kg7 27. Re3 Nd7 28. Nxe6+
fxe6 29. Qe7# 1-0

[Event "Ch d'Afrique juniors"]
[Site "Hotel Bouazza (Tiaret)"]
[Date "2014.01.26"]
[Round "2.4"]
[White "Dias, Vanderson"]
[Black "Ouaret, Abdelouhab"]
[Result "1-0"]
[WhiteElo "2006"]
[BlackElo "1856"]
[PlyCount "83"]
[EventDate "2014.01.25"]
[EventRounds "9"]
[EventCountry "ALG"]

1. e4 e5 2. Nf3 Nc6 3. d4 exd4 4. Nxd4 Bc5 5. Be3 Qf6 6. c3 Nge7 7. Nc2 Bxe3 8.
Nxe3 O-O 9. Bd3 Ne5 10. Bc2 d6 11. O-O Qf4 12. Nd2 Ng4 13. Nxg4 Bxg4 14. f3 Be6
15. Qe2 Rae8 16. g3 Qe5 17. Qf2 Qb5 18. Bb3 Nc6 19. f4 Bxb3 20. axb3 f5 21.
exf5 Re2 22. c4 Qb6 23. Qxb6 axb6 24. Rf2 Rxf2 25. Kxf2 Rxf5 26. Nf3 h6 27. Ke3
Ra5 28. Rb1 Kf7 29. Nd4 Nxd4 30. Kxd4 Kf6 31. Re1 Ra8 32. g4 Kf7 33. h4 Re8 34.
Rxe8 Kxe8 35. g5 hxg5 36. hxg5 g6 37. Ke4 c6 38. f5 Kf7 39. b4 b5 40. cxb5 d5+
41. Ke5 gxf5 42. bxc6 1-0

[Event "Ch d'Afrique juniors"]
[Site "Hotel Bouazza (Tiaret)"]
[Date "2014.01.26"]
[Round "2.5"]
[White "Saim, Mohamed Ilias"]
[Black "Aguiar, Cristiano"]
[Result "0-1"]
[WhiteElo "1988"]
[BlackElo "1848"]
[PlyCount "54"]
[EventDate "2014.01.25"]
[EventRounds "9"]
[EventCountry "ALG"]

1. e4 e6 2. d3 d5 3. Nd2 Nf6 4. Ngf3 Be7 5. g3 O-O 6. Bg2 b6 7. e5 Nfd7 8. O-O
Bb7 9. Re1 c5 10. Nf1 Nc6 11. h4 Qc7 12. Bf4 Rae8 13. N1h2 Qc8 14. Bh3 Nd8 15.
Ng5 h6 16. Qh5 Qc6 17. Ngf3 f6 18. Qg6 Nf7 19. Ng4 Kh8 20. d4 f5 21. Ne3 Nd8
22. c3 Rf7 23. Qh5 Kg8 24. Nxf5 exf5 25. e6 Nxe6 26. Bxh6 gxh6 27. Bxf5 Ng7 0-1

[Event "Ch d'Afrique juniors"]
[Site "Hotel Bouazza (Tiaret)"]
[Date "2014.01.26"]
[Round "2.6"]
[White "Willenberg, Shane C"]
[Black "Araoun, Saadi"]
[Result "1-0"]
[WhiteElo "1893"]
[BlackElo "1580"]
[PlyCount "103"]
[EventDate "2014.01.25"]
[EventRounds "9"]
[EventCountry "ALG"]

1. e4 c6 2. d3 d5 3. Nd2 e5 4. Ngf3 Bg4 5. h3 Bxf3 6. Qxf3 Nf6 7. Be2 Nbd7 8.
O-O Be7 9. Re1 O-O 10. Nf1 dxe4 11. dxe4 Nc5 12. Ng3 Qa5 13. Be3 Ne6 14. c3 g6
15. Bc4 Ng7 16. Bg5 Qd8 17. Rad1 Nd7 18. Bh6 Qc7 19. Rd2 b5 20. Red1 Nc5 21.
Be2 Rfd8 22. Qe3 Rxd2 23. Rxd2 Nce6 24. Bg4 Bc5 25. Qf3 Rd8 26. Qd1 Qb6 27.
Rxd8+ Nxd8 28. Qd2 Nde6 29. b4 Bf8 30. Qd7 Qc7 31. Qxc7 Nxc7 32. Be3 c5 33.
bxc5 Nge6 34. c6 a6 35. Bxe6 Nxe6 36. Nf1 Bd6 37. Bb6 Kf8 38. Ne3 Bc7 39. Bxc7
Nxc7 40. Nd5 Nxd5 41. exd5 Ke7 42. c7 Kd7 43. d6 f5 44. f3 g5 45. g4 f4 46. Kf2
a5 47. Ke2 e4 48. fxe4 Kc8 49. e5 b4 50. cxb4 axb4 51. e6 h6 52. e7 1-0

[Event "Ch d'Afrique juniors"]
[Site "Hotel Bouazza (Tiaret)"]
[Date "2014.01.27"]
[Round "3.1"]
[White "Ameir, Moheb"]
[Black "Bhawoodien, Mohamed Ozayr"]
[Result "1-0"]
[WhiteElo "2291"]
[BlackElo "1913"]
[PlyCount "81"]
[EventDate "2014.01.25"]
[EventRounds "9"]
[EventCountry "ALG"]

1. e4 c5 2. Nf3 d6 3. Bb5+ Nd7 4. d4 cxd4 5. Qxd4 a6 6. Bxd7+ Bxd7 7. c4 Rc8 8.
Be3 Nf6 9. O-O g6 10. Nc3 Bg7 11. Rac1 O-O 12. Qd3 Qa5 13. Bd4 Be6 14. b3 Nd7
15. Bxg7 Kxg7 16. Nd4 Ne5 17. Qg3 Nc6 18. Nxc6 bxc6 19. f4 f6 20. Qe3 Bf7 21.
Rfd1 Rfd8 22. Na4 e5 23. c5 exf4 24. Qxf4 g5 25. Qf2 Qc7 26. Rf1 Qe7 27. Rc3
Bg6 28. Rf3 Rf8 29. cxd6 Qxd6 30. Nc5 Qe7 31. e5 f5 32. e6 Rfd8 33. Re1 Rd6 34.
Rfe3 f4 35. Re5 Rd5 36. Nd7 Rxe5 37. Rxe5 Qd6 38. h4 Be8 39. Qb2 Kg8 40. Nf6+
Kf8 41. Nxe8 1-0

[Event "Ch d'Afrique juniors"]
[Site "Hotel Bouazza (Tiaret)"]
[Date "2014.01.27"]
[Round "3.2"]
[White "Aguiar, Cristiano"]
[Black "Nader, Mohamed"]
[Result "1-0"]
[WhiteElo "1848"]
[BlackElo "2104"]
[PlyCount "59"]
[EventDate "2014.01.25"]
[EventRounds "9"]
[EventCountry "ALG"]

1. e4 c5 2. Nf3 a6 3. c4 e6 4. Nc3 Qc7 5. d4 cxd4 6. Nxd4 Nf6 7. a3 d6 8. Be2
Be7 9. O-O O-O 10. Be3 Nbd7 11. f4 b6 12. Rc1 Bb7 13. Bf3 Nc5 14. Qc2 Rac8 15.
f5 e5 16. Nde2 Qb8 17. b4 Ncd7 18. Qd3 Rfd8 19. g4 a5 20. g5 Ne8 21. Nd5 Bxd5
22. cxd5 Rxc1 23. Rxc1 Rc8 24. Rxc8 Qxc8 25. Qb5 Bd8 26. f6 Nexf6 27. gxf6 axb4
28. Bg4 bxa3 29. Bxd7 Qc2 30. Be6 1-0

[Event "Ch d'Afrique juniors"]
[Site "Hotel Bouazza (Tiaret)"]
[Date "2014.01.27"]
[Round "3.5"]
[White "Silvio, Famorosa F"]
[Black "Willenberg, Shane C"]
[Result "0-1"]
[WhiteElo "1981"]
[BlackElo "1893"]
[PlyCount "52"]
[EventDate "2014.01.25"]
[EventRounds "9"]
[EventCountry "ALG"]

1. d4 Nf6 2. Nc3 d5 3. e4 dxe4 4. f3 exf3 5. Nxf3 g6 6. Bg5 Bg7 7. Bc4 O-O 8.
Qd2 Nbd7 9. O-O-O c6 10. h4 Nb6 11. Bb3 a5 12. a3 Bg4 13. Rde1 Nbd5 14. Nxd5
cxd5 15. Ne5 Bf5 16. h5 Ne4 17. Rxe4 Bxe4 18. Bh6 Bxe5 19. dxe5 a4 20. Ba2 Rc8
21. Bb1 Re8 22. Be3 Qd7 23. hxg6 fxg6 24. c3 Bxb1 25. Kxb1 Rf8 26. Bd4 Qe6 0-1

[Event "Ch d'Afrique juniors"]
[Site "Hotel Bouazza (Tiaret)"]
[Date "2014.01.27"]
[Round "3.6"]
[White "Araoun, Saadi"]
[Black "Alnami, Salaheddin"]
[Result "1-0"]
[WhiteElo "1580"]
[BlackElo "1843"]
[PlyCount "70"]
[EventDate "2014.01.25"]
[EventRounds "9"]
[EventCountry "ALG"]

1. c4 f5 2. Nc3 Nf6 3. d4 g6 4. g3 Bg7 5. Bg2 O-O 6. Nf3 d6 7. O-O c6 8. Rb1
Qe8 9. b4 e5 10. d5 e4 11. Ng5 h6 12. Nh3 Ng4 13. Qb3 Kh7 14. f3 exf3 15. exf3
Bd4+ 16. Kh1 Nf6 17. dxc6 Nxc6 18. Bf4 Be5 19. Nb5 Qe7 20. Rbd1 g5 21. Bxe5
dxe5 22. Nd6 Be6 23. Qc3 Nd4 24. c5 Nd5 25. Qe1 Bg8 26. Qd2 f4 27. gxf4 gxf4
28. Rg1 Be6 29. Qd3+ Bf5 30. Nxf5 Rxf5 31. Rde1 Nxb4 32. Qxd4 Nxa2 33. Qd2 Qxc5
34. Qxa2 Rd8 35. Qb1 Rdf8 1-0

[Event "Ch d'Afrique juniors"]
[Site "Hotel Bouazza (Tiaret)"]
[Date "2014.01.27"]
[Round "3.7"]
[White "Ouaret, Abdelouhab"]
[Black "Saim, Mohamed Ilias"]
[Result "0-1"]
[WhiteElo "1856"]
[BlackElo "1988"]
[PlyCount "44"]
[EventDate "2014.01.25"]
[EventRounds "9"]
[EventCountry "ALG"]

1. Nf3 g6 2. g3 Bg7 3. Bg2 d6 4. c4 e5 5. Nc3 Nc6 6. O-O Nge7 7. d3 O-O 8. Qb3
h6 9. Nd5 Kh7 10. e3 f5 11. Nd2 g5 12. Nxe7 Qxe7 13. Qc3 Kh8 14. b4 e4 15. d4
f4 16. Bxe4 fxe3 17. fxe3 Rxf1+ 18. Kxf1 Bh3+ 19. Kg1 Rf8 20. Bg2 Qf6 21. Bxh3
Qf2+ 22. Kh1 Qe1+ 0-1

[Event "Ch d'Afrique juniors"]
[Site "Hotel Bouazza (Tiaret)"]
[Date "2014.01.27"]
[Round "4.1"]
[White "Dias, Vanderson"]
[Black "Ameir, Moheb"]
[Result "0-1"]
[WhiteElo "2006"]
[BlackElo "2291"]
[PlyCount "66"]
[EventDate "2014.01.25"]
[EventRounds "9"]
[EventCountry "ALG"]

1. e4 c5 2. Nf3 Nc6 3. d4 cxd4 4. Nxd4 g6 5. Nxc6 bxc6 6. Qd4 Nf6 7. e5 Nd5 8.
e6 f6 9. exd7+ Bxd7 10. Bc4 e5 11. Qd1 Bf5 12. a3 Nb6 13. Qe2 Nxc4 14. Qxc4 Qd5
15. Qxd5 cxd5 16. c3 a5 17. a4 Bd3 18. Nd2 Rb8 19. Nf1 Kf7 20. Kd2 Bc4 21. Kc2
Bb3+ 22. Kb1 Bc5 23. Be3 d4 24. cxd4 exd4 25. Bf4 Rbc8 26. Nd2 Bd5 27. f3 g5
28. Bg3 f5 29. Rc1 Bb4 30. Be1 d3 31. b3 Rxc1+ 32. Kxc1 Re8 33. Kd1 Bxb3+ 0-1

[Event "Ch d'Afrique juniors"]
[Site "Hotel Bouazza (Tiaret)"]
[Date "2014.01.27"]
[Round "4.2"]
[White "Bhawoodien, Mohamed Ozayr"]
[Black "Aguiar, Cristiano"]
[Result "1-0"]
[WhiteElo "1913"]
[BlackElo "1848"]
[PlyCount "73"]
[EventDate "2014.01.25"]
[EventRounds "9"]
[EventCountry "ALG"]

1. d4 Nf6 2. c4 e6 3. Nf3 Be7 4. Nc3 d5 5. Bg5 Nbd7 6. e3 c6 7. Bd3 O-O 8. O-O
dxc4 9. Bxc4 b5 10. Bd3 a6 11. Rc1 Bb7 12. Qe2 c5 13. Rfd1 c4 14. Bb1 b4 15.
Na4 Qa5 16. Nc5 Nxc5 17. dxc5 c3 18. bxc3 bxc3 19. Qc2 Be4 20. Qe2 Bxb1 21.
Rxb1 Qxc5 22. Rbc1 Ne4 23. Bxe7 Qxe7 24. Nd4 e5 25. Nf5 Qe6 26. Qg4 g6 27. Nh6+
Kg7 28. Qxe4 Kxh6 29. Rxc3 f6 30. Rc7 Qf5 31. Qb7 g5 32. e4 Rad8 33. Rcd7 Rxd7
34. Rxd7 Qg6 35. g4 a5 36. a4 Rg8 37. Qb3 1-0

[Event "Ch d'Afrique juniors"]
[Site "Hotel Bouazza (Tiaret)"]
[Date "2014.01.27"]
[Round "4.3"]
[White "Willenberg, Shane C"]
[Black "Meftahi, Houssem"]
[Result "0-1"]
[WhiteElo "1893"]
[BlackElo "1994"]
[PlyCount "105"]
[EventDate "2014.01.25"]
[EventRounds "9"]
[EventCountry "ALG"]

1. e4 c5 2. Nc3 Nc6 3. f4 e6 4. Nf3 d5 5. Bb5 Nge7 6. Ne5 Qd6 7. exd5 exd5 8.
Qe2 f6 9. Nf3 Bg4 10. Bxc6+ Qxc6 11. O-O O-O-O 12. Ne5 Bxe2 13. Nxc6 Nxc6 14.
Nxe2 Re8 15. Ng3 Nb4 16. c3 Nd3 17. Rf3 c4 18. h3 Bc5+ 19. Kh2 Re1 20. Rf1 Rhe8
21. b4 cxb3 22. axb3 Rxf1 23. Nxf1 Re1 24. Bb2 Rxf1 25. Rxf1 Nxb2 26. d4 Bd6
27. g3 a5 28. Rb1 Nd3 29. Kg2 a4 30. bxa4 Ba3 31. Ra1 Bb2 32. Rd1 Nc1 33. Rd2
Ba3 34. c4 Nb3 35. Ra2 Bd6 36. cxd5 Nxd4 37. a5 Kb8 38. Ra4 Nf5 39. Kf3 Ka7 40.
Re4 Bc7 41. Re8 Ka6 42. g4 Nd6 43. Re7 Bxa5 44. Rxg7 b5 45. Rxh7 b4 46. Ke2 b3
47. Kd1 Bc3 48. g5 b2 49. Kc2 Nc4 50. Kxc3 b1=Q 51. Rh6 Kb5 52. Rxf6 Qc1+ 53.
Kd3 0-1

[Event "Ch d'Afrique juniors"]
[Site "Hotel Bouazza (Tiaret)"]
[Date "2014.01.27"]
[Round "4.4"]
[White "Nader, Mohamed"]
[Black "Araoun, Saadi"]
[Result "1-0"]
[WhiteElo "2104"]
[BlackElo "1580"]
[PlyCount "73"]
[EventDate "2014.01.25"]
[EventRounds "9"]
[EventCountry "ALG"]

1. d4 Nf6 2. Nf3 g6 3. c4 Bg7 4. Nc3 d6 5. e3 O-O 6. Be2 Nbd7 7. O-O e5 8. b4
Ne8 9. Qb3 c6 10. a4 a6 11. Ba3 f5 12. c5+ d5 13. Nxd5 Nxc5 14. bxc5 cxd5 15.
dxe5 Rf7 16. Rfd1 Nc7 17. Rac1 Qe8 18. Ng5 Rd7 19. e6 Nxe6 20. Nxe6 Qxe6 21.
Rxd5 Kh8 22. Bc4 Qe8 23. Rcd1 Rxd5 24. Bxd5 Bd7 25. Bb2 Bxa4 26. Bxg7+ Kxg7 27.
Qxb7+ Kh6 28. Qxa8 Qxa8 29. Bxa8 Bxd1 30. c6 Ba4 31. c7 Bd7 32. Bb7 a5 33. c8=Q
Bxc8 34. Bxc8 Kg7 35. Bd7 Kf6 36. Ba4 Ke5 37. Kf1 1-0

[Event "Ch d'Afrique juniors"]
[Site "Hotel Bouazza (Tiaret)"]
[Date "2014.01.27"]
[Round "4.5"]
[White "Saim, Mohamed Ilias"]
[Black "Silvio, Famorosa F"]
[Result "1-0"]
[WhiteElo "1988"]
[BlackElo "1981"]
[PlyCount "103"]
[EventDate "2014.01.25"]
[EventRounds "9"]
[EventCountry "ALG"]

1. e4 c5 2. Nf3 Nc6 3. d4 cxd4 4. Nxd4 d6 5. c4 Nf6 6. Nc3 Qa5 7. Nb3 Qd8 8.
Be2 g6 9. O-O Bg7 10. Be3 O-O 11. Nd4 Bd7 12. Rc1 a6 13. f4 Nxd4 14. Bxd4 Bc6
15. Bf3 Ne8 16. Nd5 e6 17. Bb6 Qd7 18. Nc3 f5 19. Qd3 Rf7 20. exf5 gxf5 21.
Rcd1 Bxf3 22. Rxf3 Qc6 23. Bf2 Rd8 24. Qe2 Nc7 25. Rfd3 Rdd7 26. b3 b5 27. Rg3
Kf8 28. Kh1 bxc4 29. bxc4 d5 30. cxd5 exd5 31. Bd4 Bxd4 32. Rxd4 Ne6 33. Ra4
Nc5 34. Rb4 Ne4 35. Rb8+ Ke7 36. Nxe4 dxe4 37. Rb1 Qd6 38. Qe3 Qd1+ 39. Rxd1
Rxd1+ 40. Qg1 Rxg1+ 41. Kxg1 Rf6 42. Ra3 Kd7 43. Kf2 Kc7 44. Ra5 Kb6 45. Re5
Rc6 46. Rxf5 Rc2+ 47. Kg3 Rxa2 48. Re5 Re2 49. f5 a5 50. f6 e3 51. Rf5 Ra2 52.
f7 1-0

[Event "Ch d'Afrique juniors"]
[Site "Hotel Bouazza (Tiaret)"]
[Date "2014.01.27"]
[Round "4.6"]
[White "Alnami, Salaheddin"]
[Black "Silva, David"]
[Result "0-1"]
[WhiteElo "1843"]
[BlackElo "2042"]
[PlyCount "72"]
[EventDate "2014.01.25"]
[EventRounds "9"]
[EventCountry "ALG"]

1. e4 c5 2. Nc3 d6 3. f4 Nf6 4. Nf3 g6 5. Bb5+ Bd7 6. Bxd7+ Nbxd7 7. O-O Bg7 8.
d3 O-O 9. Qe1 a6 10. a4 e6 11. h3 Rb8 12. e5 Nd5 13. Nxd5 exd5 14. e6 Re8 15.
exf7+ Kxf7 16. Ng5+ Kg8 17. Qh4 h6 18. f5 Qf6 19. Nf3 Qxh4 20. Nxh4 g5 21. Nf3
Re2 22. Rf2 Rbe8 23. Kf1 R2e7 24. c3 c4 25. dxc4 dxc4 26. g4 Nc5 27. Bd2 Nd3
28. Rg2 Nxb2 29. h4 gxh4 30. Nxh4 Re4 31. g5 Rxh4 32. gxh6 Rh1+ 33. Kf2 Nd3+
34. Kf3 Rxa1 35. Rxg7+ Kh8 36. f6 Rf1+ 0-1

[Event "Ch d'Afrique juniors"]
[Site "Hotel Bouazza (Tiaret)"]
[Date "2014.01.27"]
[Round "4.8"]
[White "Ghafoul, Said"]
[Black "Ouaret, Abdelouhab"]
[Result "0-1"]
[WhiteElo "1851"]
[BlackElo "1856"]
[PlyCount "91"]
[EventDate "2014.01.25"]
[EventRounds "9"]
[EventCountry "ALG"]

1. e4 e5 2. Nf3 Nc6 3. Bc4 Bc5 4. c3 Nf6 5. d4 exd4 6. e5 d5 7. Bb5 Ne4 8. cxd4
Bb4+ 9. Bd2 Nxd2 10. Nbxd2 Bd7 11. Bxc6 Bxc6 12. O-O O-O 13. a3 Ba5 14. Re1 Bd7
15. Qc2 Bg4 16. b4 Bb6 17. h3 Bh5 18. Qf5 Bg6 19. Qf4 a5 20. Qg4 axb4 21. axb4
Rxa1 22. Rxa1 Qe7 23. Re1 Qxb4 24. e6 fxe6 25. Qxe6+ Bf7 26. Qg4 Qd6 27. Re5 c6
28. Rg5 g6 29. Ne5 Bd8 30. Ndf3 Be8 31. Rh5 Qf6 32. h4 Qf4 33. Qe6+ Kg7 34. g3
Qc1+ 35. Kg2 gxh5 36. Nd7 Bxd7 37. Qxd7+ Rf7 38. Qxd8 Qc2 39. Qg5+ Qg6 40. Qe5+
Qf6 41. Qxh5 b5 42. Qg4+ Kh8 43. h5 b4 44. h6 Qxf3+ 45. Qxf3 Rxf3 46. Kxf3 0-1

[Event "Ch d'Afrique juniors"]
[Site "Hotel Bouazza (Tiaret)"]
[Date "2014.01.28"]
[Round "5.1"]
[White "Ameir, Moheb"]
[Black "Nader, Mohamed"]
[Result "1/2-1/2"]
[WhiteElo "2291"]
[BlackElo "2104"]
[PlyCount "23"]
[EventDate "2014.01.25"]
[EventRounds "9"]
[EventCountry "ALG"]

1. d4 d5 2. Nf3 Nf6 3. e3 c5 4. c3 Nc6 5. Bd3 e6 6. O-O Bd6 7. Nbd2 O-O 8. b3
a6 9. Bb2 b5 10. c4 bxc4 11. bxc4 Rb8 12. Bc3 1/2-1/2

[Event "Ch d'Afrique juniors"]
[Site "Hotel Bouazza (Tiaret)"]
[Date "2014.01.28"]
[Round "5.2"]
[White "Meftahi, Houssem"]
[Black "Bhawoodien, Mohamed Ozayr"]
[Result "1/2-1/2"]
[WhiteElo "1994"]
[BlackElo "1913"]
[PlyCount "91"]
[EventDate "2014.01.25"]
[EventRounds "9"]
[EventCountry "ALG"]

1. e4 c5 2. Nf3 d6 3. d4 cxd4 4. Nxd4 Nf6 5. Nc3 g6 6. Be3 a6 7. f3 b5 8. Qd2
Bb7 9. a4 e5 10. Nb3 b4 11. Nd5 Nxd5 12. exd5 Nd7 13. O-O-O Nf6 14. Qxb4 Bxd5
15. Bxa6 Rxa6 16. Qb5+ Rc6 17. Rxd5 Qc7 18. Rd2 Qd7 19. Rhd1 Be7 20. Bh6 Rg8
21. Bg5 Ne4 22. Bxe7 Nxd2 23. Na5 Rc5 24. Qxd7+ Kxd7 25. Bxd6 Rxa5 26. Rxd2
Rxa4 27. Bxe5+ Ke6 28. b3 Ra5 29. Bg3 f6 30. Rd6+ Kf5 31. b4 Rb5 32. Rd4 Ke6
33. Kb2 Rd5 34. Re4+ Kd7 35. c4 Rd2+ 36. Kc3 Rxg2 37. Rd4+ Kc8 38. Rd6 f5 39.
Rb6 Re8 40. Kd4 g5 41. Bd6 Rd2+ 42. Kc5 Kd7 43. Rb7+ Ke6 44. Rxh7 Rc8+ 45. Bc7
Rd7 46. Rh6+ 1/2-1/2

[Event "Ch d'Afrique juniors"]
[Site "Hotel Bouazza (Tiaret)"]
[Date "2014.01.28"]
[Round "5.3"]
[White "Saim, Mohamed Ilias"]
[Black "Dias, Vanderson"]
[Result "0-1"]
[WhiteElo "1988"]
[BlackElo "2006"]
[PlyCount "61"]
[EventDate "2014.01.25"]
[EventRounds "9"]
[EventCountry "ALG"]

1. e4 e6 2. d3 d5 3. Nd2 Nf6 4. Ngf3 dxe4 5. dxe4 Bc5 6. Bd3 e5 7. O-O Qe7 8.
Nc4 Nc6 9. c3 a5 10. h3 O-O 11. Bg5 h6 12. Bh4 Rd8 13. Qe2 g5 14. Nxg5 hxg5 15.
Bxg5 Kg7 16. Ne3 Be6 17. f4 Qd7 18. Rad1 exf4 19. Rxf4 Nh7 20. Bxd8 Rxd8 21.
Kh1 Bxe3 22. Qxe3 Qe7 23. Rdf1 Ne5 24. Be2 Qg5 25. h4 Qh6 26. c4 Rd7 27. Qc3 f6
28. Qg3+ Qg6 29. Qc3 Qh6 30. Qg3+ Qg6 31. Qc3 0-1

[Event "Ch d'Afrique juniors"]
[Site "Hotel Bouazza (Tiaret)"]
[Date "2014.01.28"]
[Round "5.4"]
[White "Aguiar, Cristiano"]
[Black "Willenberg, Shane C"]
[Result "1/2-1/2"]
[WhiteElo "1848"]
[BlackElo "1893"]
[PlyCount "27"]
[EventDate "2014.01.25"]
[EventRounds "9"]
[EventCountry "ALG"]

1. e4 c5 2. Nf3 Nc6 3. Nc3 g6 4. d4 cxd4 5. Nxd4 Bg7 6. Be3 Nf6 7. Be2 O-O 8.
Qd2 d5 9. exd5 Nxd5 10. Nxd5 Qxd5 11. Nxc6 bxc6 12. Qxd5 cxd5 13. O-O Rd8 14.
Bf3 1/2-1/2